000 00646nam a2200265Ia 4500
005 20260121171636.0
008 008 260114s9999 xx 000 0 eng d
020 _a9789813293311
037 _aEBOOK
040 _aCRL
040 _beng
040 _cCRL
041 _2eng
041 _aeng
084 _qCRL
100 _aFei Yan, Salvador E. Venegas-Andraca
_91078731
245 0 _aQuantum Image Processing
260 _bSpringer
260 _bSpringer
260 _c2020
856 _uhttps://link.springer.com/openurl?genre=book&isbn=978-981-32-9331-1
942 _cEBOOK
999 _c1644462
_d1644462